000 01238nam a22003737a 4500
001 446
003 FISKH
005 20250602092739.0
008 230421b cb ||||| |||| 00| 0 eng d
010 _a 73183163
020 _a006023959X
040 _aDLC
_beng
_cDLC
_dDLC
_dFISKH
042 _alcac
050 0 0 _aPZ10.3.L787
_bFr
051 _aPZ10.3.L787
_bFr Copy 2
_cJuv Coll
082 0 0 _a813.54
100 1 _aLobel, Arnold.
245 1 0 _aFrog and toad together.
250 _a[1st ed.]
260 _aNew York,
_bHarper & Row
_c1972
300 _a64 p.
_billus.
_c23 cm.
490 0 _aAn I can read book.
505 _aF
520 _aFive further adventures of two best friends as they share cookies, plant a garden, and test their bravery.
521 8 _a450
_bLexile
521 8 _aF
_bRaz-Plus
650 0 _aFriendship
_vFiction
710 2 _aJuvenile Collection (Library of Congress)
_5DLC
856 4 2 _3Publisher description
_uhttp://www.loc.gov/catdir/description/hc044/73183163.html
856 4 2 _3Contributor biographical information
_uhttp://www.loc.gov/catdir/enhancements/fy0910/73183163-b.html
906 _a7
_bcbc
_corignew
_d2
_encip
_f19
_gy-gencatlg
942 _2ddc
_cBK
_n0
999 _c446
_d446